Statistics for Most Popular Disney Movies

Click here to take the quiz!

General Stats

  • This quiz has been taken 412 times
  • The average score is 6 of 51

Answer Stats

Year MadeMovie% Correct
1937Snow White and the Seven Dwarfs
91%
1950Cinderella
85%
1959Sleeping Beauty
73%
1942Bambi
38%
1940Fantasia
38%
1941Dumbo
36%
1941Pinocchio
36%
1953Peter Pan
34%
1967The Jungle Book
32%
1951Alice in Wonderland
20%
1964Mary Poppins
19%
1961One Hundred and One Dalmation
16%
1946Song of the South
7%
1928Steamboat Willie
6%
1947Fun and Fancy Free
4%
1963The Sword In The Stone
4%
1946Make Mine Music
3%
1948Melody Time
3%
1942Saludos Amigos
3%
1944The Three Caballeros
3%
1949The Adventures of Ichabod and Mr. Toad
2%
195420,000 Leagues Under the Sea
1%
2007Pirates of the Caribbean: At World's End
1%
2006Pirates of the Caribbean: Dead Man's Chest
1%
2003Pirates of the Caribbean: The Curse of the Black Pearl
1%
1928Plane Crazy
1%
1948So Dear to My Heart
1%
1960Swiss Family Robinson
1%
1965That Darn Cat
1%
2003The Haunted Mansion
1%
1961The Parent Trap
1%
1941The Reluctant Dragon
1%
1929The Skeleton Dance
1%
1933Three Little Pigs
1%
1923Alice's Wonderland
0%
1961Babes in Toyland
0%
1943Der Fuehrer's Face
0%
1959Donald in Mathmagic Land
0%
1932Flowers and Trees
0%
1960Goliath II
0%
1942How to Swim
0%
1952Lambert the Sheepish Lion
0%
1948Mickey and the Seal
0%
1942Mickey's Birthday Party
0%
1938Mickey's Trailer
0%
????Moving Day
0%
2011Pirates of the Caribbean: On Stranger Tides
0%
2002The Country Bears
0%
1967The Gnome- Mobile
0%
1943Victory Through Air Powder
0%
1968Winnie the Pooh and the Blustery Day
0%

Score Distribution

Percentile by Number Answered

Percent of People with Each Score

Your Score History

You have not taken this quiz